000
00305nam a2200121Ia 4500
008
190216s9999||||xx |||||||||||||| ||und||
100
_a
Lal Nigam B M&Amp; Sharma G L
245
0
_a
Theory And Technics Of Cost Accounting
260
_b
Vrinda Pub
_c
1990
300
_a
812p
650
_a
Commerce
942
_c
BK
999
_c
5470
_d
5470